01000nam a2200169 a 450000100100000000500170001000800410002704000250006824501710009324601130026426000790037730000210045695201200047795201110059795201050070899900170081300003796420201002031138.0130311s20uu dr 000 0 spa d aDO-SdBNPbspacBNPHU10aSeguridad y ciudadanía en la República Dominicana :bpor una política de prevención integral y coordinada experiencias y reflexiones para su implementación.13aPor una política de prevención integral y coordinada experiencias y reflexiones para su implementación aSanto Domingo :bConsejo Nacional de Reforma del Estado (CONARE),c[200?]. a234 p. ;c25 cm. 001054708DSaGRbGRcHDd2013-03-11iLF1l0o p37964-30r2020-06-25te. 3w2020-06-25yLFDSZPréstamo en sala 0010718PDaPDbPDcHDd2013-03-11iLF1l0o p37964-10r2020-06-25te. 2w2020-06-25yLFPDZNo se presta 0010718PDaPDbPDcHDd2013-03-11iLF1l0o p37964-20r2020-06-25w2020-06-25yLFPDZNo se presta c37454d37454